[Event "10th EICC"]
[Site "Budva MNE"]
[Date "2009.03.09"]
[Round "4"]
[White "Cheparinov,I"]
[Black "Maletin,P"]
[Result "1-0"]
[WhiteElo "2679"]
[BlackElo "2557"]
[EventDate "2009.03.06"]

1. e4 c5 2. Nf3 Nc6 3. d4 cxd4 4. Nxd4 e6 5. Nc3 Qc7 6. Be3 a6 7. Qd2 Nf6
8. O-O-O Bb4 9. f3 O-O 10. g4 Ne5 11. g5 Nh5 12. a3 Bxc3 13. Qxc3 Qxc3 14.
bxc3 f6 15. Rg1 Ng6 16. c4 b6 17. Rd3 Rb8 18. Rb3 Rb7 19. a4 Nhf4 20. Ne2
e5 21. Nxf4 Nxf4 22. Bxb6 fxg5 23. c5 Ne6 24. Bxa6 Nd4 25. Bc4+ Kh8 26. a5
1-0

[Event "10th EICC"]
[Site "Budva MNE"]
[Date "2009.03.09"]
[Round "4"]
[White "Minasian,Art"]
[Black "Nisipeanu,LD"]
[Result "1/2-1/2"]
[WhiteElo "2557"]
[BlackElo "2675"]
[EventDate "2009.03.06"]

1. g3 g6 2. Bg2 Bg7 3. c4 d6 4. Nc3 e5 5. e3 Ne7 6. Nge2 O-O 7. b3 Nbc6 8.
d3 Be6 9. Nd5 e4 10. Nxe7+ Qxe7 11. d4 Bg4 12. O-O f5 13. h3 Bh5 14. Qd2
Bf3 15. Nc3 Bxg2 16. Kxg2 Nd8 17. Bb2 Ne6 18. h4 Qd7 19. Rh1 Rae8 20. Rag1
a6 21. b4 Nd8 22. a4 Nf7 23. Qc2 c6 24. Qb3 Nh6 25. Ne2 1/2-1/2

[Event "10th EICC"]
[Site "Budva MNE"]
[Date "2009.03.09"]
[Round "4"]
[White "Areshchenko,A"]
[Black "Lenic,L"]
[Result "1-0"]
[WhiteElo "2673"]
[BlackElo "2548"]
[EventDate "2009.03.06"]

1. e4 e5 2. Nf3 Nc6 3. Bb5 a6 4. Ba4 Nf6 5. O-O b5 6. Bb3 Bb7 7. d3 Be7 8.
Nbd2 O-O 9. Re1 h6 10. Nf1 Re8 11. a3 Bf8 12. Ne3 d6 13. Bd2 Bc8 14. Nd5
Nxd5 15. Bxd5 Bb7 16. c4 Qd7 17. cxb5 axb5 18. d4 Rab8 19. dxe5 Nxe5 20.
Bc3 c5 21. Nh4 Bxd5 22. Qxd5 Qg4 23. g3 g5 24. Nf5 Qh3 25. Bxe5 Rxe5 26.
Qc6 d5 27. Qd7 Qh5 28. exd5 Re2 29. d6 Qf3 30. Rxe2 Qxe2 31. Qc7 Qxb2 32.
Rd1 Qb3 33. Ne3 1-0

[Event "10th EICC"]
[Site "Budva MNE"]
[Date "2009.03.09"]
[Round "4"]
[White "Brkic,A"]
[Black "Jobava,Ba"]
[Result "0-1"]
[WhiteElo "2550"]
[BlackElo "2669"]
[EventDate "2009.03.06"]

1. e4 c6 2. d4 d5 3. exd5 cxd5 4. c4 Nf6 5. Nc3 e6 6. Nf3 Bb4 7. cxd5 Nxd5
8. Qc2 Nc6 9. Bd3 h6 10. O-O O-O 11. a3 Bd6 12. Re1 Nce7 13. Qe2 Nf6 14.
Ne5 Nf5 15. Bxf5 exf5 16. Bf4 Be6 17. Qf3 Bc7 18. Ng6 Re8 19. Bxc7 Qxc7 20.
Nf4 Bc4 21. d5 Qb6 22. b4 a5 23. bxa5 Rxe1+ 24. Rxe1 Qxa5 25. d6 Ne4 26. d7
Rd8 27. Rc1 Qxa3 28. Qe3 Nd6 29. Rd1 Rxd7 30. Nh5 f6 31. Ng3 f4 0-1

[Event "10th EICC"]
[Site "Budva MNE"]
[Date "2009.03.09"]
[Round "4"]
[White "Fressinet,L"]
[Black "Maslak,K"]
[Result "1/2-1/2"]
[WhiteElo "2666"]
[BlackElo "2541"]
[EventDate "2009.03.06"]

1. d4 Nf6 2. c4 g6 3. Nc3 d5 4. Qb3 dxc4 5. Qxc4 Bg7 6. e4 O-O 7. Be2 a6 8.
Bf4 b5 9. Qxc7 Qxc7 10. Bxc7 b4 11. Na4 Nc6 12. Nf3 Nxe4 13. Rd1 e6 14. O-O
Bb7 15. Bd3 Ne7 16. Rfe1 Nf6 17. Nb6 Bxf3 18. gxf3 Ra7 19. Bd6 a5 20. Bc5
Rc7 21. Be4 Rd8 22. Na8 Rcd7 23. Nb6 Rc7 24. Na8 1/2-1/2

[Event "10th EICC"]
[Site "Budva MNE"]
[Date "2009.03.09"]
[Round "4"]
[White "Guseinov,G"]
[Black "Godena,M"]
[Result "1-0"]
[WhiteElo "2661"]
[BlackElo "2537"]
[EventDate "2009.03.06"]

1. e4 e5 2. Nf3 Nc6 3. Bb5 Nf6 4. O-O Nxe4 5. d4 Nd6 6. dxe5 Nxb5 7. a4 d6
8. e6 Bxe6 9. axb5 Ne5 10. Nd4 Be7 11. f4 Bg4 12. Qd2 c5 13. bxc6 Nxc6 14.
f5 Qb6 15. Ra4 O-O 16. Kh1 Bh5 17. Nc3 Nxd4 18. Rxd4 Bf6 19. Re4 Bxc3 20.
Qxc3 Rfe8 21. Rh4 Be2 22. Re1 Rac8 23. Rxe2 g5 24. Rc4 1-0

[Event "10th EICC"]
[Site "Budva MNE"]
[Date "2009.03.09"]
[Round "4"]
[White "Evdokimov,Alexa"]
[Black "Grachev,B"]
[Result "0-1"]
[WhiteElo "2545"]
[BlackElo "2655"]
[EventDate "2009.03.06"]

1. d4 d5 2. c4 c6 3. Nf3 Nf6 4. Nc3 e6 5. e3 Nbd7 6. Qc2 Bd6 7. Bd2 O-O 8.
O-O-O e5 9. cxd5 cxd5 10. dxe5 Nxe5 11. Nxe5 Bxe5 12. Kb1 Be6 13. f4 Bd6
14. Bd3 Rc8 15. f5 Bd7 16. Qb3 Bc6 17. Nb5 Bxb5 18. Qxb5 Qe7 19. Qa4 Ne4
20. Be1 a6 21. Rf1 b5 22. Qd4 Nf6 23. Rf3 Rc6 24. Bd2 Rfc8 25. Rff1 h6 26.
h3 Be5 27. Qb4 Qd7 28. Qb3 Ne4 29. Bxe4 dxe4 30. Bc3 Qc7 31. Bxe5 Qxe5 32.
a3 Rc4 33. Rd2 a5 34. Qd1 b4 35. a4 b3 36. Qxb3 Rb4 37. Qd1 Kh7 38. Rff2
Rcb8 39. Qc2 Rb3 40. Qc4 R8b7 41. Qc8 Rb8 42. Qc4 Rxe3 43. Rfe2 Qf4 44.
Rxe3 Qxe3 45. Re2 Qg1+ 46. Ka2 Qd1 47. Rc2 Qd7 48. Qxe4 Rb4 49. Qf3 Qxa4+
50. Kb1 Rf4 51. Qd5 Rd4 52. Qf3 Rf4 53. Qd5 Qb4 54. Qd3 Rd4 55. Qf3 Qe1+
56. Rc1 Qe5 57. g4 f6 58. Qb3 Rb4 59. Qc3 Qe4+ 60. Qc2 Qb7 61. Rd1 a4 62.
Rd3 Rb3 63. Ka2 Qe4 64. Rc3 Qxc2 65. Rxc2 Rxh3 66. Rd2 Rh4 67. Rg2 h5 68.
gxh5 Rxh5 69. Rf2 Rh4 70. Ka3 Kh6 71. Rc2 Rg4 72. Rc5 Kg5 73. Rb5 Re4 74.
Rb7 Kxf5 75. Rxg7 Kf4 76. Ra7 f5 77. Rxa4 Rxa4+ 78. Kxa4 Ke3 0-1

[Event "10th EICC"]
[Site "Budva MNE"]
[Date "2009.03.09"]
[Round "4"]
[White "Popov,Iv RUS"]
[Black "Postny,E"]
[Result "1/2-1/2"]
[WhiteElo "2541"]
[BlackElo "2652"]
[EventDate "2009.03.06"]

1. e4 e5 2. Nf3 Nc6 3. d4 exd4 4. Nxd4 Nf6 5. Nc3 Bb4 6. Nxc6 bxc6 7. Bd3
d6 8. O-O Ng4 9. Bf4 Ne5 10. Bxe5 dxe5 11. Na4 O-O 12. Bc4 Qe7 13. Qf3 Bd7
14. Rad1 Kh8 15. Bb3 Bd6 16. c4 c5 17. Nc3 Rfd8 18. Rd3 c6 19. Rfd1 Bc7 20.
Qe3 Be8 21. Rxd8 Rxd8 22. Rxd8 Bxd8 23. Na4 Bb6 24. Bc2 Kg8 25. g3 Kf8
1/2-1/2

[Event "10th EICC"]
[Site "Budva MNE"]
[Date "2009.03.09"]
[Round "4"]
[White "Berkes,F"]
[Black "Sanikidze,T"]
[Result "1/2-1/2"]
[WhiteElo "2651"]
[BlackElo "2522"]
[EventDate "2009.03.06"]

1. Nf3 Nf6 2. g3 g6 3. Bg2 Bg7 4. O-O O-O 5. d4 d5 6. Nbd2 Na6 7. Nb3 Bf5
8. c3 Rc8 9. Bf4 c5 10. Be5 c4 11. Nbd2 Nb8 12. Bxf6 Bxf6 13. Re1 Qb6 14.
Qc1 Nc6 15. e4 dxe4 16. Nxe4 Bg7 17. Ned2 Bd3 18. Bf1 Bxf1 19. Nxf1 Qb5 20.
Ne3 Rfd8 21. Qc2 e5 22. dxe5 1/2-1/2

[Event "10th EICC"]
[Site "Budva MNE"]
[Date "2009.03.09"]
[Round "4"]
[White "Ragger,M"]
[Black "Caruana,F"]
[Result "1/2-1/2"]
[WhiteElo "2540"]
[BlackElo "2646"]
[EventDate "2009.03.06"]

1. Nf3 Nf6 2. c4 c6 3. d4 d5 4. Nc3 dxc4 5. a4 Bf5 6. Ne5 Nbd7 7. Nxc4 Nb6
8. Ne5 a5 9. Bg5 g6 10. e3 Bg7 11. Bd3 Be6 12. Be2 O-O 13. O-O Nbd5 14. Bh4
Nb4 15. Rc1 Rc8 16. h3 c5 17. Nf3 Qb6 18. Nb5 Bd5 19. Nc3 Be6 20. Nb5 Bd5
21. Nc3 Be6 1/2-1/2

[Event "10th EICC"]
[Site "Budva MNE"]
[Date "2009.03.09"]
[Round "4"]
[White "Mamedov,Rau"]
[Black "Wells,P"]
[Result "1-0"]
[WhiteElo "2638"]
[BlackElo "2513"]
[EventDate "2009.03.06"]

1. e4 c5 2. Nf3 Nc6 3. Bb5 g6 4. Bxc6 dxc6 5. d3 Bg7 6. h3 Nf6 7. Nc3 Nd7
8. Be3 e5 9. Qd2 h6 10. O-O Qe7 11. Nh2 Nf8 12. f4 exf4 13. Rxf4 Be6 14.
Re1 Nd7 15. Rff1 O-O-O 16. Na4 b6 17. a3 Ne5 18. Qf2 Qb7 19. Nc3 Rhe8 20.
Ne2 f5 21. exf5 Bxf5 22. Nf4 Rf8 23. Qe2 Rde8 24. Qd1 g5 25. Nh5 Bh8 26.
Ng3 Bg6 27. Rxf8 Rxf8 28. Bd2 Qf7 29. Ne4 Rd8 30. b3 Qd5 31. Nf1 Nf7 32. a4
h5 33. a5 Kb7 34. Qf3 Ne5 35. Qf2 Nf7 36. Ne3 Qd7 37. Nc4 Bd4 38. Be3 Bxe4
39. Bxd4 Bd5 40. Be3 g4 41. axb6 axb6 42. Nxb6 Kxb6 43. Bxc5+ Kb7 44. Re7
gxh3 45. c4 Qxe7 46. Bxe7 Rg8 47. g3 Be6 48. Bf6 Rg6 49. Kh1 Nh6 50. Qc5
Bg4 51. Qe7+ Ka6 52. Bd4 c5 53. Qxc5 Bf3+ 54. Kh2 Bb7 55. b4 1-0

[Event "10th EICC"]
[Site "Budva MNE"]
[Date "2009.03.09"]
[Round "4"]
[White "Aleksandrov,A"]
[Black "Prohaszka,P2"]
[Result "0-1"]
[WhiteElo "2636"]
[BlackElo "2512"]
[EventDate "2009.03.06"]

1. d4 d5 2. c4 e6 3. Nc3 Be7 4. cxd5 exd5 5. Bf4 Nf6 6. e3 Bf5 7. Nge2 O-O
8. Ng3 Be6 9. Bd3 c5 10. dxc5 Bxc5 11. O-O Nc6 12. Rc1 d4 13. Nb5 Bb6 14.
e4 Ng4 15. Nf5 Bxf5 16. exf5 Nge5 17. Be4 Re8 18. Qb3 Qh4 19. g3 Qf6 20. h3
Rad8 21. Rfd1 h6 22. Kg2 Rd7 23. Na3 d3 0-1

[Event "10th EICC"]
[Site "Budva MNE"]
[Date "2009.03.09"]
[Round "4"]
[White "Saric,A"]
[Black "Riazantsev,A"]
[Result "0-1"]
[WhiteElo "2514"]
[BlackElo "2634"]
[EventDate "2009.03.06"]

1. d4 Nf6 2. c4 e6 3. Nf3 b6 4. g3 Bb4+ 5. Bd2 Bxd2+ 6. Qxd2 Ba6 7. b3 c6
8. Nc3 d5 9. e4 Nxe4 10. Nxe4 dxe4 11. Ng5 c5 12. Bg2 Nc6 13. dxc5 Qxd2+
14. Kxd2 f5 15. cxb6 Ke7 16. bxa7 Rhd8+ 17. Kc1 h6 18. Nh3 Nd4 19. Rd1 e5
20. Kb2 Rxa7 21. Rd2 g5 22. Ng1 Bxc4 23. g4 Bxb3 24. Ne2 Ba4 25. Nxd4 Rb7+
26. Ka3 exd4 27. Rb2 Rxb2 28. Kxb2 d3 29. Ka3 Rd4 0-1

[Event "10th EICC"]
[Site "Budva MNE"]
[Date "2009.03.09"]
[Round "4"]
[White "Dobrov,V"]
[Black "Belov,Vl"]
[Result "0-1"]
[WhiteElo "2510"]
[BlackElo "2627"]
[EventDate "2009.03.06"]

1. Nf3 Nf6 2. c4 c5 3. Nc3 e6 4. g3 b6 5. Bg2 Bb7 6. O-O Be7 7. Re1 d6 8.
e4 a6 9. d4 cxd4 10. Nxd4 Qc7 11. f4 O-O 12. g4 Re8 13. b3 b5 14. g5 Nfd7
15. f5 Nf8 16. Qg4 Bd8 17. Bb2 Qb6 18. Nce2 e5 19. Kh1 bxc4 20. f6 exd4 21.
Bxd4 Qc7 22. Nf4 Nc6 23. fxg7 Ng6 24. Nxg6 Nxd4 25. Nf8 Kxg7 26. Nxh7 Kxh7
27. Qh5+ Kg7 28. Qh6+ Kg8 29. Rf1 Re6 30. Rf6 Nf5 31. Qh3 Rxf6 32. gxf6
Bxf6 33. Rf1 Bg7 34. exf5 f6 35. bxc4 Rc8 36. Rf4 Re8 37. Qd3 Re1+ 38. Rf1
Bxg2+ 39. Kxg2 Qc6+ 40. Kg3 Re4 41. Rd1 Rxc4 42. Qd5+ Qxd5 43. Rxd5 Bf8 44.
Ra5 Rc5 45. Rxa6 Rxf5 46. a4 Kf7 47. a5 Rb5 48. Ra8 d5 49. a6 Ra5 50. Kf4
Bd6+ 51. Kf5 d4+ 52. Ke4 Bxh2 53. Kxd4 Re5 54. Kc4 Bg1 55. Kb4 Re8 0-1

[Event "10th EICC"]
[Site "Budva MNE"]
[Date "2009.03.09"]
[Round "4"]
[White "Petrosian,TL"]
[Black "Cebalo,M"]
[Result "1-0"]
[WhiteElo "2623"]
[BlackElo "2509"]
[EventDate "2009.03.06"]

1. e4 e6 2. d4 d5 3. Nc3 Bb4 4. Nge2 Nf6 5. e5 Nfd7 6. Qd3 c5 7. Qg3 g6 8.
a3 Bxc3+ 9. bxc3 Qa5 10. Kd1 Nc6 11. h4 h5 12. a4 Nb6 13. dxc5 Nc4 14. Nd4
Qxc5 15. Nb3 Qb6 16. Bxc4 dxc4 17. Nd2 Qc5 18. Re1 Qd5 19. Ba3 b6 20. Kc1
Ba6 21. Qg5 Qd8 22. Qf4 Ne7 23. Qf6 Rg8 24. Ne4 Nd5 25. Qf3 Rf8 26. Rd1 f5
27. Nd6+ Kd7 28. Rxd5 exd5 29. Qxd5 Kc7 30. Nb5+ Bxb5 31. Bd6+ 1-0

[Event "10th EICC"]
[Site "Budva MNE"]
[Date "2009.03.09"]
[Round "4"]
[White "Szabo,Krisz1"]
[Black "Khalifman,A"]
[Result "1/2-1/2"]
[WhiteElo "2508"]
[BlackElo "2622"]
[EventDate "2009.03.06"]

1. e4 c5 2. Nf3 Nc6 3. d4 cxd4 4. Nxd4 Nf6 5. Nc3 d6 6. Bg5 e6 7. Qd2 a6 8.
O-O-O Be7 9. f4 Nxd4 10. Qxd4 b5 11. Be2 Bb7 12. Bf3 O-O 13. e5 Bxf3 14.
gxf3 dxe5 15. fxe5 1/2-1/2

[Event "10th EICC"]
[Site "Budva MNE"]
[Date "2009.03.09"]
[Round "4"]
[White "Pashikian,A"]
[Black "Nyzhnyk,I"]
[Result "0-1"]
[WhiteElo "2621"]
[BlackElo "2504"]
[EventDate "2009.03.06"]

1. Nf3 d5 2. d4 Nf6 3. c4 dxc4 4. e3 e6 5. Bxc4 c5 6. O-O a6 7. dxc5 Qxd1
8. Rxd1 Bxc5 9. Be2 Nbd7 10. Nbd2 b6 11. Nb3 Be7 12. Nfd4 Bb7 13. f3 Rc8
14. Bd2 O-O 15. Rac1 Rfd8 16. Kf2 Bf8 17. e4 Nc5 18. Nxc5 Bxc5 19. Be3 Ne8
20. a3 Rxd4 21. Rxc5 bxc5 22. Bxd4 cxd4 23. Rxd4 Rc6 24. b4 Kf8 25. e5 Ke7
26. b5 axb5 27. Bxb5 Rc2+ 28. Ke3 Bd5 29. Rd2 Rc3+ 30. Rd3 Rc5 31. a4 Nc7
0-1

[Event "10th EICC"]
[Site "Budva MNE"]
[Date "2009.03.09"]
[Round "4"]
[White "Szabo,G ROM"]
[Black "Lysyj,I"]
[Result "0-1"]
[WhiteElo "2506"]
[BlackElo "2620"]
[EventDate "2009.03.06"]

1. e4 e6 2. d4 d5 3. Nd2 c5 4. exd5 Qxd5 5. Ngf3 cxd4 6. Bc4 Qd8 7. O-O Nc6
8. Nb3 a6 9. Qe2 b5 10. Bd3 Nf6 11. Rd1 Bb7 12. Nbxd4 Nxd4 13. Nxd4 Qc7 14.
Bg5 Be7 15. c3 Nd5 16. Bxe7 Qxe7 17. Be4 O-O 18. a4 b4 19. c4 Nf4 20. Qf3
Bxe4 21. Qxe4 Ng6 22. g3 Rac8 23. h4 Rfe8 24. Rac1 f5 25. Qe2 Qf6 26. c5 e5
27. Nb3 e4 28. Rd6 Qf8 29. Qxa6 f4 30. Qf1 Ne5 31. Rdd1 Nf3+ 32. Kg2 Qf5
33. Nd4 Qg4 34. Nxf3 exf3+ 35. Kg1 Re4 36. Re1 Re2 37. Rc4 Qe6 38. Rec1
fxg3 39. R4c2 g2 0-1

[Event "10th EICC"]
[Site "Budva MNE"]
[Date "2009.03.09"]
[Round "4"]
[White "Mchedlishvili,M"]
[Black "Banusz,T"]
[Result "1/2-1/2"]
[WhiteElo "2619"]
[BlackElo "2501"]
[EventDate "2009.03.06"]

1. d4 d5 2. c4 e6 3. Nf3 Nf6 4. Nc3 Bb4 5. cxd5 exd5 6. Bg5 h6 7. Bh4 g5 8.
Bg3 Ne4 9. Nd2 Nxg3 10. hxg3 c6 11. Qc2 Be6 12. a3 Be7 13. O-O-O Nd7 14. e4
dxe4 15. Ncxe4 Qc7 16. Bc4 Bxc4 17. Nxc4 O-O-O 18. Ne3 Nb6 19. Nf5 h5 20.
Kb1 Kb8 21. Rhe1 Nd5 22. Qb3 Ka8 23. Ka1 Rhg8 1/2-1/2

[Event "10th EICC"]
[Site "Budva MNE"]
[Date "2009.03.09"]
[Round "4"]
[White "Antic,De"]
[Black "Sakaev,K"]
[Result "1/2-1/2"]
[WhiteElo "2495"]
[BlackElo "2619"]
[EventDate "2009.03.06"]

1. d4 Nf6 2. c4 g6 3. Nc3 d5 4. Nf3 Bg7 5. cxd5 Nxd5 6. e4 Nxc3 7. bxc3 c5
8. Be3 O-O 9. Qd2 Nd7 10. Bh6 cxd4 11. Bxg7 Kxg7 12. cxd4 Nf6 13. Bd3 Bg4
14. e5 Nd5 15. Be4 Qd7 16. O-O Rac8 17. Rac1 b6 18. Nh4 1/2-1/2

[Event "10th EICC"]
[Site "Budva MNE"]
[Date "2009.03.09"]
[Round "4"]
[White "Potkin,V"]
[Black "Chirila,I"]
[Result "0-1"]
[WhiteElo "2613"]
[BlackElo "2485"]
[EventDate "2009.03.06"]

1. d4 Nf6 2. c4 c5 3. d5 e6 4. Nc3 exd5 5. cxd5 d6 6. e4 g6 7. h3 Bg7 8.
Nf3 a6 9. a4 O-O 10. Bd3 Re8 11. O-O Nbd7 12. Re1 Nh5 13. Bg5 Bf6 14. Be3
Ne5 15. Be2 Nxf3+ 16. Bxf3 Ng7 17. Qd2 Be5 18. a5 Bd7 19. Na4 Bxa4 20. Rxa4
b5 21. axb6 Qxb6 22. b4 Qb5 23. Bd1 c4 24. Qc2 f5 25. Be2 Rac8 26. f4 Bf6
27. e5 dxe5 28. Bc5 exf4 29. Ra5 Qxa5 30. bxa5 Rxc5 31. Rd1 Rd8 32. d6 Ne6
33. Bxc4 Kg7 34. Qb3 Nd4 35. Qb7+ Kh6 36. Qf7 Be5 37. d7 Rc7 38. Be6 Rc6
39. Bb3 Ne2+ 40. Kf2 Nc3 41. Rd3 Ne4+ 42. Ke2 Bf6 43. Bd5 Ng5 44. Qe8 Rc7
45. Bf3 Rc5 46. Rd5 Rc3 47. Rd3 Rc5 48. Bd5 Rc7 49. Bb3 Rc5 50. Kd1 Re5 51.
Ba4 Rxa5 52. Bc6 Re5 53. h4 Ne4 54. Qf7 Re7 55. Qa2 Rexd7 56. Bxd7 Rxd7 57.
Ke2 Nc3+ 58. Rxc3 Bxc3 59. Qxa6 Re7+ 60. Kd1 Re3 61. Qd6 Re4 62. Kc2 Bd4
63. Qd8 Be3 64. Qf6 Bc5 65. Qc3 Be7 66. g3 fxg3 67. Qxg3 Bxh4 68. Qc7 Be7
69. Qh2+ Kg7 70. Kd3 h5 71. Qb2+ Bf6 72. Qb7+ Re7 73. Qf3 h4 74. Qf4 Re4
75. Qc7+ Kh6 76. Qc1+ Bg5 77. Qa1 Kh5 78. Qd1+ Rg4 79. Qf3 Kh6 80. Qa8 Bf6
81. Qf8+ Kg5 82. Qc5 h3 83. Qe3+ f4 84. Qc5+ Kh6 85. Qf2 Rg3+ 86. Ke4 Bg5
87. Qb2 Re3+ 88. Kd5 Kh5 89. Qc2 Kg4 90. Qd1+ Kh4 91. Qg1 Re2 92. Kd4 h2
93. Qf1 Kg3 94. Kd3 f3 95. Qh1 Bd2 96. Qd1 Be1 97. Qc1 h1=Q 98. Qg5+ Kf2
0-1

[Event "10th EICC"]
[Site "Budva MNE"]
[Date "2009.03.09"]
[Round "4"]
[White "Mikhalevski,V"]
[Black "Nikolov,Mo"]
[Result "1-0"]
[WhiteElo "2608"]
[BlackElo "2478"]
[EventDate "2009.03.06"]

1. d4 Nf6 2. c4 e6 3. g3 d5 4. Nf3 Bb4+ 5. Bd2 Be7 6. Bg2 O-O 7. O-O c6 8.
Qc2 b6 9. Rd1 Ba6 10. b3 Nbd7 11. a4 c5 12. Na3 Bb7 13. Qb2 dxc4 14. Nxc4
Bd5 15. Rac1 Qb8 16. b4 Qb7 17. bxc5 bxc5 18. Qxb7 Bxb7 19. Na5 Bd5 20. Ne5
Bxg2 21. Kxg2 Rfc8 22. Bg5 Bf8 23. Bxf6 Nxf6 24. dxc5 Rxc5 25. Rxc5 Bxc5
26. Nac6 Nd5 27. e4 Nb4 28. Nd8 f6 29. Nxe6 Bb6 30. Nc4 Re8 31. Rd6 Kf7 32.
Nf4 Rxe4 33. Rxb6 Rxc4 34. Rb7+ Kg8 35. Nh5 a5 36. Rxg7+ Kf8 37. Rxh7 Nd5
38. Rd7 Ne7 39. Nxf6 Rxa4 40. h4 Rc4 41. Nd5 1-0

[Event "10th EICC"]
[Site "Budva MNE"]
[Date "2009.03.09"]
[Round "4"]
[White "Ekstroem,R"]
[Black "Wojtaszek,R"]
[Result "1/2-1/2"]
[WhiteElo "2495"]
[BlackElo "2608"]
[EventDate "2009.03.06"]

1. e4 c5 2. c3 d5 3. exd5 Qxd5 4. d4 Nf6 5. Nf3 Bg4 6. Be2 e6 7. h3 Bh5 8.
O-O Nc6 9. Be3 cxd4 10. Nxd4 Bxe2 11. Qxe2 Be7 12. Rd1 O-O 13. c4 Nxd4 14.
Bxd4 Qe4 15. Qxe4 Nxe4 16. Nc3 Nxc3 17. Bxc3 Rfd8 18. Kf1 f6 19. Ke2
1/2-1/2

[Event "10th EICC"]
[Site "Budva MNE"]
[Date "2009.03.09"]
[Round "4"]
[White "Larino Nieto,D"]
[Black "Kotronias,V"]
[Result "0-1"]
[WhiteElo "2488"]
[BlackElo "2603"]
[EventDate "2009.03.06"]

1. e4 c5 2. Nc3 Nc6 3. Nf3 Nf6 4. d4 cxd4 5. Nxd4 e5 6. Ndb5 d6 7. Bg5 a6
8. Na3 b5 9. Nd5 Be7 10. Bxf6 Bxf6 11. Nxf6+ Qxf6 12. c3 O-O 13. Be2 Bb7
14. O-O Rad8 15. Bf3 Nb8 16. Nc2 Nd7 17. Re1 Nc5 18. Nb4 g6 19. Nd5 Bxd5
20. Qxd5 Rb8 21. Red1 Rb6 22. Rd2 Rc8 23. Bd1 Qg5 24. Bb3 Rc7 25. Rad1 Rbc6
26. a3 h5 27. Ba2 h4 28. h3 Kg7 29. Kh1 Kh6 30. Rc2 a5 31. Re1 b4 32. axb4
axb4 33. cxb4 Nd3 34. Rxc6 Nxe1 35. g4 hxg3 36. fxg3 Qe3 0-1

[Event "10th EICC"]
[Site "Budva MNE"]
[Date "2009.03.09"]
[Round "4"]
[White "Vavrak,P"]
[Black "Huzman,A"]
[Result "1/2-1/2"]
[WhiteElo "2488"]
[BlackElo "2602"]
[EventDate "2009.03.06"]

1. d4 Nf6 2. c4 e6 3. Nc3 Bb4 4. Qc2 O-O 5. e4 d6 6. a3 Bxc3+ 7. bxc3 e5 8.
Bd3 Nc6 9. Ne2 b6 10. O-O Ba6 11. f4 Nd7 12. c5 Bxd3 13. Qxd3 exd4 14. cxb6
Nc5 15. Qb5 d3 16. Ng3 Qd7 17. bxc7 Qxc7 18. Be3 Rab8 19. Qc4 Na5 20. Qd5
Nab3 21. Rad1 Rfe8 22. Bd4 Qb7 23. Nf5 Qxd5 24. exd5 Nxd4 25. cxd4 Ne4 26.
Rxd3 g6 27. Ne3 Rb2 28. f5 1/2-1/2

[Event "10th EICC"]
[Site "Budva MNE"]
[Date "2009.03.09"]
[Round "4"]
[White "Stevic,H"]
[Black "Arsovic,Z"]
[Result "1-0"]
[WhiteElo "2592"]
[BlackElo "2475"]
[EventDate "2009.03.06"]

1. e4 c5 2. c3 d5 3. exd5 Qxd5 4. d4 Nf6 5. Nf3 e6 6. Be3 cxd4 7. cxd4 Bb4+
8. Nc3 Qa5 9. Qb3 O-O 10. Be2 b6 11. Ne5 Ba6 12. Nc4 Bxc4 13. Bxc4 Nc6 14.
O-O Ne7 15. Rfd1 Rfd8 16. a3 Bxc3 17. bxc3 Ned5 18. Bd2 Ne4 19. Be1 b5 20.
Bxd5 exd5 21. c4 Qa4 22. Qxa4 bxa4 23. c5 Ng5 24. f4 Ne4 25. Rab1 Kf8 26.
Rb4 Rac8 27. Rxa4 Rd7 28. Rb1 Rc6 29. Rb8+ Ke7 30. Ra8 Rcc7 31. Ba5 Rc6 32.
Bb4 h5 33. R4xa7 Rxa7 34. Rxa7+ Ke6 35. a4 g5 36. fxg5 Nxg5 37. Kf2 Kf5 38.
Ke3 h4 39. a5 Kg4 40. Rd7 Re6+ 41. Kd3 f5 42. h3+ 1-0

[Event "10th EICC"]
[Site "Budva MNE"]
[Date "2009.03.09"]
[Round "4"]
[White "Levin,Ev"]
[Black "Iordachescu,V"]
[Result "1/2-1/2"]
[WhiteElo "2484"]
[BlackElo "2584"]
[EventDate "2009.03.06"]

1. d4 Nf6 2. c4 e6 3. Nc3 Bb4 4. e3 O-O 5. Bd3 d5 6. cxd5 exd5 7. Nge2 Re8
8. O-O Bd6 9. a3 Nbd7 10. b4 b6 11. Rb1 a6 12. f3 c5 13. bxc5 bxc5 14. Qe1
Qc7 15. Kh1 Bb7 16. a4 Re7 17. Bd2 Rae8 18. Qf2 Nf8 19. Rfc1 Qd8 20. dxc5
Bxc5 21. Nd4 Ng6 22. Bxg6 hxg6 23. Nce2 Bd6 24. Rb3 Ba8 25. Rcb1 Qc8 26.
Ba5 Rb7 27. Rxb7 Bxb7 28. Bd2 Nd7 29. Rc1 Nc5 30. Qf1 Qd7 31. a5 Nd3 32.
Rc3 Ne5 33. Qc1 Nc4 34. Be1 Bc6 35. Bf2 Bb5 36. Qa1 Bc5 37. Nc2 Bd6 38. Bg3
Nxa5 39. Qxa5 Bxe2 40. Qxd5 Rd8 41. Bxd6 Qxd6 42. Qxd6 Rxd6 43. Rc8+ Kh7
44. Nd4 Bd3 45. Rc3 Rb6 46. h4 Bf1 47. Rc1 Bd3 48. Rc3 Bf1 49. Rc1 Bd3
1/2-1/2

[Event "10th EICC"]
[Site "Budva MNE"]
[Date "2009.03.09"]
[Round "4"]
[White "Swiercz,D"]
[Black "Halkias,S"]
[Result "1/2-1/2"]
[WhiteElo "2472"]
[BlackElo "2578"]
[EventDate "2009.03.06"]

1. e4 e5 2. Nf3 Nc6 3. Bb5 a6 4. Ba4 Nf6 5. O-O Bc5 6. c3 b5 7. Bb3 d6 8.
d4 Bb6 9. a4 Bb7 10. Bg5 h6 11. Bxf6 Qxf6 12. Bd5 O-O 13. dxe5 dxe5 14. Na3
Nd8 15. axb5 axb5 16. Bxb7 Nxb7 17. Nxb5 Rxa1 18. Qxa1 Nc5 19. Qe1 Qf4 20.
Qc1 Qxe4 21. Qe1 Qxe1 22. Rxe1 Nd3 23. Re2 Ra8 24. g3 f6 25. Kg2 Ra2 26. c4
Rxb2 27. Rxb2 Nxb2 28. Nd2 c6 29. Nd6 Bc7 30. Nc8 Kf8 31. Na7 c5 32. Ne4
Nxc4 33. Nxc5 Bb6 34. Nd7+ Ke7 35. Nxb6 Nxb6 36. h4 Nd5 37. Nc6+ Kd6 38.
Nd8 Nc7 39. Nb7+ Kd5 40. Na5 Ne6 41. Nb3 f5 42. Nd2 Nd4 43. Nf1 Nc2 44. Kf3
g6 45. Nd2 Nd4+ 46. Ke3 Nb5 47. Nf1 Nd6 48. Kf3 Kd4 49. Ne3 Kd3 50. Nd5 g5
51. hxg5 hxg5 52. Ne7 e4+ 53. Kg2 Ke2 54. Nd5 Nf7 55. Ne7 Nh6 56. Nc6 Kd3
57. Ne5+ Kd2 58. Kf1 Kc3 59. Ke2 Kd4 60. Nc6+ Kd5 61. Ne7+ Kd6 62. Nc8+ Ke6
63. Na7 Nf7 64. Nc6 Ne5 65. Nd4+ Kf6 66. Nb5 Nc6 67. Nd6 Ke6 68. Nc4 Kd5
69. Ne3+ Ke5 70. Nc4+ Ke6 71. Ke3 Ne5 72. Nb6 Ng4+ 73. Ke2 Ne5 74. Ke3 Kd6
75. Nc8+ Kd5 76. Ke2 Nc6 77. Ke3 Ke5 78. Nb6 f4+ 79. gxf4+ gxf4+ 80. Ke2
Kd4 81. Nd7 Ne5 82. Nf6 Nd3 83. Ng4 Nc5 84. Nh6 Ne6 85. f3 Ng5 86. fxe4
Kxe4 87. Ng4 f3+ 88. Kf1 Nh3 89. Nh2 f2 90. Ng4 1/2-1/2

[Event "10th EICC"]
[Site "Budva MNE"]
[Date "2009.03.09"]
[Round "4"]
[White "Gallagher,Jo"]
[Black "Vuckovic,Bo"]
[Result "1-0"]
[WhiteElo "2480"]
[BlackElo "2576"]
[EventDate "2009.03.06"]

1. e4 c6 2. d4 d5 3. Nd2 dxe4 4. Nxe4 Bf5 5. Ng3 Bg6 6. Bc4 e6 7. Nf3 Nd7
8. O-O Ngf6 9. Re1 Qc7 10. c3 Be7 11. Nh4 Nd5 12. Nxg6 hxg6 13. Qf3 N7f6
14. Bb3 b5 15. Bg5 Nh5 16. Bxe7 Nxg3 17. hxg3 Nxe7 18. Re5 O-O 19. g4 Qd6
20. Rae1 Nd5 21. g5 Rfe8 22. Qh3 a5 23. Qh4 f6 24. gxf6 gxf6 25. Bxd5 fxe5
26. Qf6 Ra7 27. Rxe5 Qxd5 28. Qxg6+ Kf8 29. Rxd5 cxd5 30. Qh6+ Rg7 31. g4
Kf7 32. f3 Rg6 33. Qh7+ Rg7 34. Qh5+ Ke7 35. Qe5 Rf7 36. Kg2 Ref8 37. Qc7+
Kf6 38. Qxa5 Kg5 39. Qxb5 Rxf3 40. Qe2 R3f4 41. Kg3 Re4 42. Qd2+ Rff4 43.
b3 e5 44. dxe5 d4 45. cxd4 Rxd4 46. Qe3 Rde4 47. Qc1 Rd4 48. e6 Rd3+ 49.
Kg2 Kxg4 50. Qe1 Kf5 51. e7 Rg4+ 52. Kh2 Rd7 53. Qf1+ 1-0

[Event "10th EICC"]
[Site "Budva MNE"]
[Date "2009.03.09"]
[Round "4"]
[White "Khairullin,I"]
[Black "Kapnisis,S"]
[Result "1-0"]
[WhiteElo "2574"]
[BlackElo "2441"]
[EventDate "2009.03.06"]

1. d4 d5 2. c4 c6 3. cxd5 cxd5 4. Nc3 Nf6 5. Bf4 Nc6 6. e3 a6 7. Rc1 Bg4 8.
f3 Bd7 9. g4 e6 10. Bd3 Rc8 11. h4 Na5 12. Nge2 Nc4 13. Qc2 b5 14. Qb1 b4
15. Nd1 Bb5 16. g5 Nh5 17. Bxh7 b3 18. axb3 Nxf4 19. bxc4 Nxe2 20. Kxe2
dxc4 21. Be4 f5 22. gxf6 Qxf6 23. h5 Bb4 24. Nc3 Bxc3 25. bxc3 O-O 26. Rcg1
Bc6 27. Bxc6 Rxc6 28. f4 Qf5 29. Qb7 Qd3+ 30. Kf3 Rxf4+ 31. Kxf4 Qf5+ 32.
Kg3 e5 33. Qxc6 1-0